| 000 | 00546 a2200169 4500 | ||
|---|---|---|---|
| 001 | 067451 | ||
| 003 | OSt | ||
| 005 | 20211210171554.0 | ||
| 008 | |||
| 082 |
_a307.1216095 _bJ19L |
||
| 100 | 1 | _aJain, A.K. | |
| 245 | 1 |
_aLow carbon city _cby A.K. Jain |
|
| 260 |
_aNew Delhi _bDiscovery Publishing _c2009 |
||
| 300 | _a476p. | ||
| 653 | _aIndia--Delhi; India; Urban ecology (Sociology); Atmospheric carbon dioxide--Environmental aspects; City planning--Climatic factors; Environmental policy | ||
| 942 |
_2ddc _cBK |
||
| 999 |
_c1352 _d1352 |
||